| 000 | 00864cam a2200253 4500 | ||
|---|---|---|---|
| 001 | B913 | ||
| 008 | 090401t1987 xxu||||| |||| 00| 0 eng d | ||
| 035 | _a(Sirsi) u38674 | ||
| 041 | _aeng | ||
| 050 | _a526.90285 | ||
| 090 | _aRICS 1987/19ABCD | ||
| 110 |
_aRoyal Institution of Chartered Surveyors _94900 |
||
| 245 | _aSeminar/workshop on land information systems | ||
| 260 | _c1987 | ||
| 300 | _a4 papers. | ||
| 350 | _a10 | ||
| 520 | _aIntroductory talk by Dale,P.F. ; other papers are not credited. Title on folder : Information. Papers : Introductory talk; Property information systems (this is about FOCUS); Pinpoint Analysis Limited ; Digital mapping: the Cheshire experience. | ||
| 650 | _aCHESHIRE CC | ||
| 650 | _aFOCUS | ||
| 650 | _aPINPOINT ADDRESS CODE | ||
| 650 | _aPROPERTY INFORMATION SYSTEMS | ||
| 942 | _n0 | ||
| 948 | _c04/03/1997 | ||
| 999 |
_c90682 _d90682 |
||